000 00435nam a2200157 i 4500
001 77522
003 ES-MaACL
005 20230906173246.0
007 t|
008 041020s1925 fr ||||1| fre d
100 1 _aAmiel, Denys.
_921231
245 1 0 _aTheatre
_b: Le voyaguer. Le couple. Café-Tabac /
_cDenys Amiel.
260 _aParis :
_bAlbin Michel,
_c[1925]
300 _a264 p. ;
_c19 cm.
852 _aES-MaACL
_jA-3468
_bR.14848
999 _c77522
_d77522